000 00526nam a2200205Ia 4500
005 20250425162102.0
008 250425s9999 xx 000 0 und d
041 _aspa
082 _a620.112
100 _aSINGER, FERDINAND L.
245 0 _aRESISTENCIA DE MATERIALES
250 _a1A ED.
260 _aEstados Unidos
_bHARLA
_c1971
260 _aS.L.
300 _a636
500 _aEN CIBGZ-FIMCP D-30328
_10,00 PARA ING. MECANICA.- MHP.
650 _aRESISTENCIA DE MATERIALES
942 _c01
010 _a48690
999 _c222045
_d222045